000 00529nmm a2200169Ia 4500
008 251105s9999||||xx |||||||||||||||||und||
020 _a9788497421041
041 _aspa
100 _aMartínez González, José Miguel
245 0 _aTratamiento del drogodependiente con trastornos de la personalidad
264 _a[Madrid, España] :
_bBiblioteca Nueva,
_c2003
300 _a304 páginas
490 _aPsicología Universidad
650 _aMedicine
856 _uhttps://public.digitaliapublishing.com/a/46015
942 _cCF
999 _c90229
_d90229